000 00507nam a2200181Ia 4500
003 GCL
008 140319s9999 xx 000 0 eng d
040 _aGCL /
_cGCL
082 0 4 _aCC
_b575.0162
_bH N
100 1 _aHOOTH, RICHARD
245 1 0 _aNATURAL SELECTIONS A YEAR OF EGYPT'S WILDLIFE /
_cHOOTH, RICHARD
260 _a[S.N] :
_bTHE AMERICAN UNIVERSITY IN CAIRO PRESS ،
_c1992
300 _a190 PP
650 0 4 _aEGYPT
650 0 4 _aNATURAL HISTORY
650 0 4 _aEGYPT - WILDLIFE
942 _2ddc
_cBK
999 _c19238
_d19238